Problem-based Learning and assessment. (Record no. 298035)
[ view plain ]
| 000 -LEADER | |
|---|---|
| fixed length control field | 00299nam a2200097Ia 4500 |
| 008 - FIXED-LENGTH DATA ELEMENTS--GENERAL INFORMATION | |
| fixed length control field | 160725s9999 xx 000 0 und d |
| 100 ## - MAIN ENTRY--PERSONAL NAME | |
| Personal name | Gareza, April Apple G. |
| 245 ## - TITLE STATEMENT | |
| Title | Problem-based Learning and assessment. |
| 260 ## - PUBLICATION, DISTRIBUTION, ETC. (IMPRINT) | |
| Name of publisher, distributor, etc | Kaizen Research Journal College of Nursing |
| Date of publication, distribution, etc | March 2013 |
| 650 ## - SUBJECT ADDED ENTRY--TOPICAL TERM | |
| Topical term or geographic name as entry element | NURSING |
| Withdrawn status | Lost status | Damaged status | Home library | Current library | Shelving location | Date acquired | Total Checkouts | Date last seen | Price effective from | Koha item type |
|---|---|---|---|---|---|---|---|---|---|---|
| Archives | Archives | Archives Room | 07/25/2016 | 07/25/2016 | 07/25/2016 | Southvillana |